MARC

LEADER 00000nam0a2200000 4500
001 378732
005 20231102013028.0
035 |a (RuTPU)RU\TPU\retro\36193 
035 |a RU\TPU\retro\36192 
090 |a 378732 
100 |a 20230613d1973 k y0rusy50 ca 
101 0 |a rus 
102 |a RU 
105 |a a z 001zy 
200 1 |a Совершенствование геохимических и геофизических методов поиска нефти и газа в Волгоградском Поволжье  |e [сборник статей]  |f Волгоградский государственный научно-исследовательский и проектный институт нефтяной промышленности 
210 |a Волгоград  |c Нижне-Волжское кн. изд-во  |d 1973 
215 |a 112 с.  |c ил. 
225 1 |a Труды  |v Вып. 19 
320 |a Библиогр. в конце ст. 
606 1 |a Нефтегазоносность  |x Исследование  |2 stltpush  |3 (RuTPU)RU\TPU\subj\45601  |9 64794 
606 1 |a Полезные ископаемые  |x Поиски и разведка  |x Геохимический метод  |2 stltpush  |3 (RuTPU)RU\TPU\subj\50104  |9 68851 
606 1 |a Геофизическая разведка  |2 stltpush  |3 (RuTPU)RU\TPU\subj\6259  |9 34187 
610 1 |a Нижнее Поволжье 
610 1 |a промысловая геофизика 
610 1 |a пласты-коллекторы 
610 1 |a интерпретация данных 
610 1 |a подземные воды 
610 1 |a газовый состав 
610 1 |a радиогеохимические исследования 
610 1 |a радиоактивность 
610 1 |a карбонатные породы 
675 |a 553.98.08  |v 4 
675 |a 550.84  |v 4 
675 |a 550.83  |v 4 
712 0 2 |a Волгоградский государственный научно-исследовательский и проектный институт нефтяной промышленности  |c (1970- )  |2 stltpush  |3 (RuTPU)RU\TPU\col\21678  |9 28101 
801 1 |a RU  |b 63413507  |c 20230526 
801 2 |a RU  |b 63413507  |c 20230613  |g RCR 
942 |c BK